| 000 | 00688nam a2200229Ia 4500 | ||
|---|---|---|---|
| 008 | 191130s2008##################000#0#eng## | ||
| 020 | _a9780521694681 | ||
| 022 | _a2008003208 | ||
| 040 |
_aACL _cACL |
||
| 082 | _a332.015195 | ||
| 100 | _aBrooks, Chris | ||
| 245 |
_aIntroductory econometrics for finance _cChris Brooks |
||
| 250 | _a2nd ed | ||
| 260 |
_aCambridge _bCambridge University Press _c2008 |
||
| 300 | _axxiv, 648 p. : ill. ; 25 cm | ||
| 500 | _aIncludes bibliographical references (p. 629-640) and index | ||
| 650 | _aEconometrics | ||
| 650 | _aFinance - Econometric models | ||
| 990 | _a1568d708ac10000c573031d94ceb312b | ||
| 991 | _a143422 | ||
| 999 |
_c220314 _d220314 |
||